5 plus grandes villes par région belge - Statistiques

Statistiques générales
  • Ce quiz a été pris 98 fois
  • Le résultat moyen est 9 sur 15
Statistiques - réponses
Ville Population
(en milliers)
% Correct
Flandre Anvers 538
94%
Liège 195
92%
Bruxelles - Capitale Bruxelles 194
90%
Wallonie Charleroi 203
86%
Gand 268
85%
Bruges 119
81%
Namur 113
81%
Mons 96
67%
Anderlecht 125
65%
Louvain 103
49%
Ixelles 88
45%
Schaerbeek 130
39%
La Louvière 81
29%
Molenbeek Saint Jean 98
18%
Alost 90
17%
Aucun quiz correspondant
Distribution des résultats
% des personnes avec chaque résultat
Percentile par nombre de réponses
Votre historique - résultats
Vous n’avez pas pris ce quiz